header

Migration and its enemies (Record no. 124712)

MARC details
000 -LEADER
fixed length control field 01636nam a2200385Ia 4500
082 04 - DEWEY DECIMAL CLASSIFICATION NUMBER
Classification number 331.62
100 1# - MAIN ENTRY--AUTHOR NAME
Personal name Cohen, Robin,
245 10 - TITLE STATEMENT
Title Migration and its enemies
260 ## - PUBLICATION, DISTRIBUTION, ETC. (IMPRINT)
Place of publication Aldershot :
Name of publisher Ashgate,
Year of publication 2006.
300 ## - PHYSICAL DESCRIPTION
Number of Pages ix, 242 p.
490 1# - SERIES STATEMENT
Series statement Research in migration and ethnic relations series
650 #0 - SUBJECT ADDED ENTRY--TOPICAL TERM
Topical Term Foreign workers.
Topical Term Emigration and immigration
Topical Term Emigration and immigration
Topical Term Foreign workers
856 40 - ELECTRONIC LOCATION AND ACCESS
Uniform Resource Identifier http://site.ebrary.com/lib/rucke/Doc?id=10211188

No items available.

© 2026 Rongo University
Contact us: librarian | system librarian | Rongo university